000 00297nam a22001337a 4500
008 180123b xxu||||| |||| 00| 0 eng d
020 _a9780787657512
041 _aeng
080 _a338
100 _a53
101 _aman
245 _agale e comerce sourcebook
_cbaker.j
942 _2udc
_cBK
999 _c40803
_d40803